000
00283cam a2200109ua 4500
082
_a
821
_b
THO/CO
100
_a
Thomson, James .
_9
1838
245
_a
Complete Poetical Works of James Thomson /
260
_a
London :
_b
Oxford University Press ,
_c
1963.
300
_a
516 ; .
942
_c
BK
999
_c
852
_d
852